00488cam a2200181 450000500170000000800410001702000150005804100080007308200180008110000200009924500650011926000270018430000180021144000320022965000210026165000110028265000130029320231012143715.0080718s2008 sp | |||| 000 0 spa  a84234247231 aspa a658.049 C245g1 aCapodagli, Bill13aLa gestión al estilo Disney: cómo aplicarla a su empresa aEspañabDeustoc2007 a215 páginas 0aGrandes Casos Empresariales aESTUDIO DE CASOS aDISNEY aCLIENTES